| 000 | 00767cam a22002174a 4500 | ||
|---|---|---|---|
| 001 | 11901204 | ||
| 005 | 20251121102655.0 | ||
| 008 | 000201s2001 ohua b 001 0 eng | ||
| 020 |
_a0130259276 _qpbk. |
||
| 020 |
_a9780130259271 _q(pbk.) |
||
| 050 | 0 | 0 |
_aTH159 _b.R54 2001 |
| 082 | 0 | 0 |
_a690/.023 _221 |
| 100 | 1 | _aRigolosi, Steven A. | |
| 245 | 1 | 0 |
_aTools for success : _bsoft skills for the construction industry / _cSteven A. Rigolosi ; with contributing editor, Michael L. Stilley. |
| 260 |
_aUpper Saddle River, N.J. : _bPrentice Hall, _cc2001. |
||
| 300 |
_axx, 220 p. : _bill. ; _c28 cm. |
||
| 650 | 0 |
_aConstruction industry _xVocational guidance. |
|
| 650 | 0 |
_aConstruction workers _vLife skills guides. |
|
| 700 | 1 | _aStilley, Michael L. | |
| 942 |
_2lcc _cBK _n0 |
||
| 999 |
_c8284 _d8284 |
||